00462 a2200157 4500010001400000020002600014035001300040037001500053082001000068100001700078245005900095260004400154270005800198300002900256500001900285 aENG-86250 a9788120332034c325.00 aEN-69783 bDBAD / PUB14a658.5 aKhanna, R.B.1 aProduction and operations management /cby R.B. Khanna aNew DelhibPrentice-Hall of Indiac2007 aM-97, Connaught CircusbNew DelhicNew Delhie110 001 axiv, 519p.c24cm. (Pbk) aIncludes index